|
|
|
|
| LEADER |
00812nam a2200217 a 4500 |
| 001 |
011154284 |
| 008 |
090611r20012000ii a b 001 0 eng d |
| 020 |
|
|
|a 8125907858
|
| 040 |
|
|
|a Uk
|c Uk
|
| 082 |
0 |
0 |
|a 658.4
|2 21
|
| 100 |
1 |
|
|a Sushil.
|
| 245 |
1 |
0 |
|a Flexibility in management /
|c Sushil.
|
| 260 |
|
|
|a New Delhi :
|b Vikas,
|c 2000 [reprinted 2001]
|
| 300 |
|
|
|a xiii, 260 p. :
|b ill. ;
|c 25 cm.
|
| 490 |
1 |
|
|a Flexible systems management series
|
| 504 |
|
|
|a Includes bibliographical references and indexes.
|
| 541 |
1 |
|
|e 00009545
|
| 650 |
|
0 |
|a Management.
|
| 852 |
4 |
|
|a Ayesha Abed Library
|j General shelf
|
| 999 |
|
|
|c 1241
|d 1241
|
| 952 |
|
|
|0 0
|1 0
|2 ddc
|4 0
|6 658_400000000000000_SUS
|7 0
|9 1129
|a BRACUL
|b BRACUL
|c GEN
|d 2009-06-25
|g 0.00
|l 0
|o 658.4 SUS
|p 3010009545
|r 2009-06-25
|t 1
|w 2009-06-25
|y BK
|x No price found in the accession register.
|